[Event "Club Champs"]
[Site "Wellington Chess Club"]
[Date "2022.10.06"]
[Round "2"]
[White "Tanoi, Edward"]
[Black "Forster, Bill"]
[Result "1-0"]
[WhiteElo "1985"]
[BlackElo "2037"]

1. d4 d6 2. Nf3 Bg4 3. Qd3 c6 4. Bg5 Qa5+ 5. Bd2 Qb6 6. Nc3 e6 7. e4 Nf6 8. Be2
Nbd7 9. h3 Bh5 10. Be3 d5 11. O-O Bb4 12. Ne5 Bxe2 13. Nxe2 Nxe4 14. a3 Be7 15.
Nxd7 Kxd7 16. c4 Qa6 17. Rac1 Rhc8 18. Bf4 c5 19. Qf3 cxd4 20. cxd5 exd5 21.
Nxd4 Qg6 22. Qb3 Ke8 23. Rxc8+ Rxc8 24. Qxb7 Rd8 25. Nc6 Rd7 26. Qc8+ Bd8 27.
Ne5 Qe6 28. Qxd7+ Qxd7 29. Nxd7 Kxd7 30. Be3 a6 31. Rd1 Ke6 32. Bd4 Bf6 33. f3
Bxd4+ 34. Rxd4 Ke5 35. Ra4 Nc5 36. f4+ Kd6 37. Ra5 d4 38. b4 Nb3 39. Rxa6+ Kd5
40. Kf2 Ke4 41. g3 Kd3 42. Ke1 Ke3 43. b5 Nc1 44. Rd6 Nd3+ 45. Kf1 Nb2 46. Rxd4
Kxd4 47. b6 1-0